[Event "ITA-chT 46th"]
[Site "Condino"]
[Date "2014.05.03"]
[Round "6.5"]
[White "Misiano, Franco"]
[Black "Sader, Michael"]
[Result "1-0"]
[WhiteElo "2252"]
[BlackElo "2267"]
[PlyCount "57"]
[EventDate "2014.04.30"]
[EventType "team-swiss"]
[EventRounds "7"]
[EventCountry "ITA"]
[SourceTitle "CBM 160 Extra"]
[Source "ChessBase"]
[SourceDate "2014.07.01"]
[SourceVersion "1"]
[SourceVersionDate "2014.07.01"]
[SourceQuality "1"]
[WhiteTeam "Milan 1881"]
[BlackTeam "Marostica Pizzato Elettrica"]
[WhiteTeamCountry "ITA"]
[BlackTeamCountry "ITA"]

1. e4 c5 2. Nf3 e6 3. d4 cxd4 4. Nxd4 a6 5. Nc3 Qc7 6. Bd3 Nc6 7. Be3 Nf6 8. 0-0 Ne5 9. h3 b5 10. f4 Nc4 11. Bxc4 Qxc4 12. Qd3 Bb7 13. a4 Qxd3 14. cxd3 b4 15. Nce2 Rc8 16. Rfc1 Bc5 17. Kf2 d6 18. Nb3 Bxe3+ 19. Kxe3 Kd7 20. Na5 Ba8 21. Nc4 Rc5 22. Nd4 Rb8 23. Nb3 Rcc8 24. a5 Ke7 25. Nb6 Rxc1 26. Rxc1 Ne8 27. Rc4 d5 28. Rxb4 Kd8 29. Nxd5 1-0

[Event "ITA-chT 46th"]
[Site "Condino"]
[Date "2014.05.01"]
[Round "3.5"]
[White "Sader, Michael"]
[Black "Mocchi, Tullio"]
[Result "1/2-1/2"]
[WhiteElo "2267"]
[BlackElo "2223"]
[PlyCount "74"]
[EventDate "2014.04.30"]
[EventType "team-swiss"]
[EventRounds "7"]
[EventCountry "ITA"]
[SourceTitle "CBM 160 Extra"]
[Source "ChessBase"]
[SourceDate "2014.07.01"]
[SourceVersion "1"]
[SourceVersionDate "2014.07.01"]
[SourceQuality "1"]
[WhiteTeam "Marostica Pizzato Elettrica"]
[BlackTeam "Triestina"]
[WhiteTeamCountry "ITA"]
[BlackTeamCountry "ITA"]

1. Nf3 d5 2. c4 c6 3. e3 g6 4. Nc3 Nf6 5. Qb3 Bg7 6. cxd5 cxd5 7. Bb5+ Nc6 8. Ne5 Bd7 9. Nxd7 Qxd7 10. d4 0-0 11. 0-0 Qd6 12. Bd2 e6 13. Be2 Rab8 14. Rfc1 Nd7 15. Nb5 Qe7 16. a3 a6 17. Nc3 Rfc8 18. Na4 e5 19. dxe5 Qxe5 20. Bg4 Rd8 21. Bc3 d4 22. exd4 Nxd4 23. Bxd4 Qxd4 24. Bxd7 Qxd7 25. Nc3 Qf5 26. Qc2 Qxc2 27. Rxc2 Rbc8 28. g3 Rc6 29. Rac1 Rdc8 30. Kf1 Kf8 31. Ke2 Bxc3 32. Rxc3 Rxc3 33. bxc3 Rc4 34. Kd3 Ra4 35. Ra1 b5 36. Kc2 Ke7 37. Kb3 Kd6 1/2-1/2

[Event "ITA-chT"]
[Site "Arvier"]
[Date "2012.04.28"]
[Round "2"]
[White "Lucaroni, Massimiliano"]
[Black "Sader, Michael"]
[Result "1-0"]
[WhiteElo "2280"]
[BlackElo "2276"]
[PlyCount "97"]
[EventDate "2012.04.27"]
[EventType "team-swiss"]
[EventRounds "7"]
[EventCountry "ITA"]
[SourceTitle "CBM 148 Extra"]
[Source "ChessBase"]
[SourceDate "2012.06.22"]
[SourceVersion "1"]
[SourceVersionDate "2012.06.22"]
[SourceQuality "1"]
[WhiteTeam "Latina"]
[BlackTeam "Marostica Scacchi"]
[WhiteTeamCountry "ITA"]
[BlackTeamCountry "ITA"]

1. e4 c5 2. Nf3 e6 3. d4 cxd4 4. Nxd4 a6 5. Nc3 Qc7 6. Be2 Nf6 7. 0-0 d6 8. f4 Be7 9. Kh1 e5 10. fxe5 dxe5 11. Nf5 Bxf5 12. Rxf5 0-0 13. Bg5 Nbd7 14. Qf1 Rac8 15. Rd1 h6 16. Bh4 Qc6 17. Rd3 Qe6 18. Rdf3 b5 19. Bd3 Rxc3 20. bxc3 Rc8 21. Be1 Qxa2 22. Bd2 Qe6 23. Rg3 Kh7 24. Qe1 g6 25. Rf1 Nh5 26. Rgf3 f6 27. Qb1 Nb6 28. Qb3 Nc4 29. Ra1 Ng7 30. Bxc4 Rxc4 31. Qa2 Ra4 32. Qb1 Rxe4 33. Rd3 Nf5 34. Qd1 Nh4 35. Be1 Nf5 36. Bf2 Rc4 37. Qd2 e4 38. Re1 Nd6 39. Rd4 f5 40. Bg3 Rc6 41. Bxd6 Bxd6 42. Rd1 e3 43. Qd3 Bc5 44. Rd7+ Kg8 45. g3 Bb6 46. Kg2 e2 47. Re1 Rxc3 48. Qxc3 Qe4+ 49. Qf3 1-0

[Event "Bolzano op 2nd"]
[Site "Bolzano"]
[Date "2007.05.28"]
[Round "6"]
[White "Scharrer, Patrick"]
[Black "Sader, Michael"]
[Result "1/2-1/2"]
[WhiteElo "2161"]
[BlackElo "2259"]
[PlyCount "100"]
[EventDate "2007.05.25"]
[EventType "swiss"]
[EventRounds "7"]
[EventCountry "ITA"]
[SourceTitle "EXT 2011"]
[Source "ChessBase"]
[SourceDate "2010.11.26"]
[SourceVersion "1"]
[SourceVersionDate "2010.11.26"]
[SourceQuality "1"]

1. e4 c5 2. Nf3 e6 3. d3 d6 4. g3 Nf6 5. Bg2 Be7 6. 0-0 Qc7 7. Re1 Nbd7 8. c3 b6 9. d4 cxd4 10. cxd4 Bb7 11. Nc3 a6 12. e5 dxe5 13. dxe5 Nd5 14. Ne4 0-0 15. Bg5 Bxg5 16. Nexg5 h6 17. Qd3 hxg5 18. Nxg5 N5f6 19. exf6 Nxf6 20. Rac1 Qe7 21. Rc4 Rfd8 22. Qc2 Bxg2 23. Kxg2 Qb7+ 24. Kg1 Rac8 25. Rd1 b5 26. Rxc8 Rxc8 27. Qd3 Qd5 28. Qxd5 Nxd5 29. Rd2 b4 30. a3 a5 31. axb4 axb4 32. Kf1 Rc6 33. h4 Kf8 34. Ke2 Ke7 35. Kd3 f6 36. Nf3 e5 37. Re2 Kd6 38. Nd2 Nb6 39. Re4 Kc5 40. Rg4 Rc7 41. Kc2 Rd7 42. h5 Kb5 43. Rg6 Nd5 44. Ne4 Kc4 45. b3+ Kb5 46. Kb2 Ka5 47. Nc5 Re7 48. Ne4 Rd7 49. Nc5 Re7 50. Ne4 Rd7 1/2-1/2

[Event "Bolzano op 2nd"]
[Site "Bolzano"]
[Date "2007.05.27"]
[Round "5"]
[White "Sader, Michael"]
[Black "Pichler, Christoph"]
[Result "1-0"]
[WhiteElo "2259"]
[BlackElo "1587"]
[PlyCount "63"]
[EventDate "2007.05.25"]
[EventType "swiss"]
[EventRounds "7"]
[EventCountry "ITA"]
[SourceTitle "EXT 2011"]
[Source "ChessBase"]
[SourceDate "2010.11.26"]
[SourceVersion "1"]
[SourceVersionDate "2010.11.26"]
[SourceQuality "1"]

1. Nf3 c5 2. c4 Nc6 3. g3 g6 4. Bg2 Bg7 5. Nc3 e5 6. 0-0 Nge7 7. Rb1 d6 8. a3 Be6 9. d3 Rb8 10. b4 b6 11. Ng5 Bd7 12. Nge4 Be6 13. Bg5 f5 14. Nxc5 bxc5 15. Bxc6+ Kf7 16. Nd5 Bxd5 17. Bxd5+ Kf8 18. Qa4 Qc7 19. Bg2 Kf7 20. Be3 Rb6 21. bxc5 dxc5 22. Rb5 Rxb5 23. cxb5 Qb6 24. Qc4+ Kf6 25. Bxc5 Qa5 26. Bb4 Qb6 27. a4 Rb8 28. Rc1 a6 29. Bxe7+ Kxe7 30. bxa6 Bh6 31. a7 Qxa7 32. Qh4+ 1-0

[Event "Bolzano op 2nd"]
[Site "Bolzano"]
[Date "2007.05.25"]
[Round "1"]
[White "Sader, Michael"]
[Black "Sinner, Armin"]
[Result "1-0"]
[WhiteElo "2259"]
[BlackElo "1506"]
[PlyCount "57"]
[EventDate "2007.05.25"]
[EventType "swiss"]
[EventRounds "7"]
[EventCountry "ITA"]
[SourceTitle "EXT 2011"]
[Source "ChessBase"]
[SourceDate "2010.11.26"]
[SourceVersion "1"]
[SourceVersionDate "2010.11.26"]
[SourceQuality "1"]

1. Nf3 Nf6 2. c4 g6 3. b3 Bg7 4. Bb2 d6 5. d4 0-0 6. g3 Nbd7 7. Bg2 c5 8. d5 Qc7 9. 0-0 Re8 10. Nbd2 Nf8 11. Qc2 e6 12. dxe6 Bxe6 13. e4 h6 14. Rfe1 Rad8 15. h3 Qc8 16. Kh2 N8h7 17. Rad1 a6 18. Ng1 b6 19. Ne2 Ng5 20. Nf4 Ngh7 21. Nf1 g5 22. Nxe6 Qxe6 23. Ne3 Qc8 24. Nf5 Qc7 25. Re2 Bf8 26. Red2 Nh5 27. Qc3 f6 28. Qf3 b5 29. Qxh5 1-0

[Event "AUT-chT qual"]
[Site "Vienna"]
[Date "1996.??.??"]
[Round "1"]
[White "Sader, Michael"]
[Black "Duer, Werner"]
[Result "1/2-1/2"]
[WhiteElo "2305"]
[BlackElo "2280"]
[PlyCount "107"]
[EventDate "1996.??.??"]
[EventType "team"]
[EventRounds "3"]
[EventCountry "AUT"]
[SourceTitle "EXT 1999"]
[Source "ChessBase"]
[SourceDate "1998.11.16"]
[SourceVersion "1"]
[SourceVersionDate "1998.11.16"]
[SourceQuality "1"]

1. Nf3 d5 2. c4 c6 3. b3 Bg4 4. e3 e6 5. Bb2 Nd7 6. Be2 Ngf6 7. h3 Bh5 8. a3 h6 9. d3 Bg6 10. Qc2 Be7 11. Nbd2 0-0 12. b4 Qb8 13. 0-0 a5 14. Bc3 dxc4 15. Nxc4 axb4 16. Bxb4 Nd5 17. Bxe7 Nxe7 18. Qb2 Nd5 19. Nce5 Nxe5 20. Nxe5 Qc7 21. Nxg6 fxg6 22. d4 Kh8 23. Bd3 Rf6 24. Rab1 Ra7 25. Rfc1 g5 26. Be4 Ne7 27. Rc3 Nc8 28. Rb3 Nd6 29. Bd3 Rf7 30. Qe2 Nf5 31. Qh5 Kh7 32. Qg4 g6 33. Qe4 Re7 34. Rc1 Qd6 35. Rc5 Ra4 36. Rbc3 Ra8 37. g3 Rf8 38. Kg2 Rf6 39. Rc2 Kg7 40. a4 Rd7 41. a5 Ne7 42. Bc4 Nd5 43. Qe5 Qf8 44. e4 Nb4 45. Rb2 Kh7 46. f4 gxf4 47. Rxb4 fxg3 48. Qxg3 Rdf7 49. Rb2 Rf3 50. Qe1 Qd6 51. Rd2 Qf4 52. Re5 Re3 53. Qf2 Rf3 54. Qe1 1/2-1/2

[Event "Schlechter Memorial"]
[Site "Vienna"]
[Date "1996.??.??"]
[Round "3"]
[White "Sader, Michael"]
[Black "Sandhu, Mario"]
[Result "1-0"]
[WhiteElo "2285"]
[BlackElo "2130"]
[PlyCount "43"]
[EventDate "1996.10.10"]
[EventType "swiss"]
[EventRounds "9"]
[EventCountry "AUT"]
[SourceTitle "CBM 055 Extra"]
[Source "ChessBase"]
[SourceDate "1997.01.01"]
[SourceVersion "1"]
[SourceVersionDate "1997.01.01"]
[SourceQuality "1"]

1. Nf3 f5 2. b3 d6 3. d4 Nf6 4. Bb2 g6 5. g3 Bg7 6. Bg2 0-0 7. 0-0 c6 8. c4 Qc7 9. Nbd2 Nh5 10. e4 f4 11. Qc2 h6 12. d5 g5 13. Bxg7 Kxg7 14. Rfe1 fxg3 15. hxg3 e5 16. dxe6 Bxe6 17. e5 Qf7 18. Ne4 dxe5 19. Nxe5 Qf5 20. Qb2 Nf6 21. Nd6 Qh7 22. Nxb7 1-0

[Event "Schlechter Memorial"]
[Site "Vienna"]
[Date "1996.??.??"]
[Round "1"]
[White "Sader, Michael"]
[Black "Weissel, Georg"]
[Result "1/2-1/2"]
[WhiteElo "2285"]
[BlackElo "2095"]
[PlyCount "44"]
[EventDate "1996.10.10"]
[EventType "swiss"]
[EventRounds "9"]
[EventCountry "AUT"]
[SourceTitle "CBM 055 Extra"]
[Source "ChessBase"]
[SourceDate "1997.01.01"]
[SourceVersion "1"]
[SourceVersionDate "1997.01.01"]
[SourceQuality "1"]

1. Nf3 d5 2. c4 c6 3. b3 Nf6 4. Bb2 Bg4 5. e3 e6 6. Be2 Bd6 7. d3 0-0 8. h3 Bxf3 9. Bxf3 Nbd7 10. 0-0 Qe7 11. Nc3 Rad8 12. Qc2 Ne5 13. Be2 a6 14. Rfe1 Ng6 15. Rac1 Bb4 16. Red1 Bd6 17. g3 h5 18. d4 h4 19. g4 e5 20. Qf5 exd4 21. Rxd4 Be5 22. Rd3 d4 1/2-1/2

[Event "Schlechter Memorial"]
[Site "Vienna"]
[Date "1996.??.??"]
[Round "6"]
[White "Schroll, Gerhard"]
[Black "Sader, Michael"]
[Result "1-0"]
[WhiteElo "2380"]
[BlackElo "2285"]
[PlyCount "40"]
[EventDate "1996.10.10"]
[EventType "swiss"]
[EventRounds "9"]
[EventCountry "AUT"]
[SourceTitle "CBM 055 Extra"]
[Source "ChessBase"]
[SourceDate "1997.01.01"]
[SourceVersion "1"]
[SourceVersionDate "1997.01.01"]
[SourceQuality "1"]

1. d4 Nf6 2. c4 c5 3. d5 e6 4. Nc3 exd5 5. cxd5 d6 6. e4 g6 7. Nf3 Bg7 8. Bf4 0-0 9. Be2 a6 10. a4 Ne8 11. 0-0 Nd7 12. Qd2 Ne5 13. Nxe5 dxe5 14. Be3 Qc7 15. d6 Nxd6 16. Rfd1 Ne8 17. Nd5 Qd6 18. Qc1 c4 19. Nb6 Qb8 20. Nxa8 Qxa8 1-0

[Event "AUT-chT2O 9596"]
[Site "Austria"]
[Date "1995.??.??"]
[Round "7"]
[White "Ploner, Ferdinand"]
[Black "Sader, Michael"]
[Result "0-1"]
[WhiteElo "2250"]
[BlackElo "2305"]
[PlyCount "76"]
[EventDate "1995.??.??"]
[EventType "team"]
[EventRounds "11"]
[EventCountry "AUT"]
[SourceTitle "EXT 1999"]
[Source "ChessBase"]
[SourceDate "1998.11.16"]
[SourceVersion "1"]
[SourceVersionDate "1998.11.16"]
[SourceQuality "1"]

1. e4 c5 2. Nc3 Nc6 3. g3 g6 4. Bg2 Bg7 5. d3 d6 6. f4 e6 7. Nf3 Nge7 8. 0-0 0-0 9. Ne2 d5 10. c3 dxe4 11. dxe4 b6 12. Qc2 Bb7 13. Be3 Qc7 14. Rad1 Rad8 15. g4 Ba6 16. Rxd8 Rxd8 17. Rd1 Na5 18. Ng3 Nc4 19. Bc1 Rxd1+ 20. Qxd1 b5 21. b3 Nb6 22. Ne2 Bb7 23. Qd3 c4 24. Qe3 Nc6 25. f5 cxb3 26. axb3 e5 27. Ba3 Nd7 28. Qd3 a6 29. h3 Na5 30. Bd6 Qb6+ 31. Kh2 Nxb3 32. g5 Nbc5 33. Bxc5 Nxc5 34. Qe3 Bxe4 35. f6 Bf8 36. Nxe5 Qc7 37. Bxe4 Qxe5+ 38. Ng3 Bd6 0-1

[Event "Vienna op"]
[Site "Vienna"]
[Date "1991.??.??"]
[Round "2"]
[White "Smagin, Sergey"]
[Black "Sader, Michael"]
[Result "1-0"]
[WhiteElo "2535"]
[BlackElo "2325"]
[PlyCount "77"]
[EventDate "1991.10.??"]
[EventType "swiss"]
[EventRounds "9"]
[EventCountry "AUT"]
[SourceTitle "EXT 2000"]
[Source "ChessBase"]
[SourceDate "1999.11.16"]
[SourceVersion "1"]
[SourceVersionDate "1999.11.16"]
[SourceQuality "1"]

1. e4 c5 2. Nf3 e6 3. c3 Nf6 4. e5 Nd5 5. d4 cxd4 6. cxd4 b6 7. Nc3 Bb7 8. Bd3 Nxc3 9. bxc3 Be7 10. 0-0 d6 11. Re1 Nd7 12. Bf4 dxe5 13. Nxe5 Nxe5 14. Bxe5 0-0 15. Qh5 f5 16. Bc4 Bd5 17. Ba6 Bf6 18. Qe2 Bxe5 19. Qxe5 Rf6 20. c4 Bc6 21. Rad1 Qf8 22. d5 exd5 23. cxd5 Re8 24. dxc6 Rxe5 25. Bc4+ Kh8 26. Rxe5 Rxc6 27. Bb5 g6 28. Bxc6 Qf6 29. Re8+ Kg7 30. Bf3 b5 31. g3 f4 32. Rd7+ Kh6 33. Kg2 fxg3 34. hxg3 a6 35. Ree7 Qb2 36. Rxh7+ Kg5 37. Rd5+ Kf6 38. Rd6+ Ke5 39. Rxa6 1-0

[Event "Zuerich op 12th"]
[Site "Zuerich"]
[Date "1988.??.??"]
[Round "1"]
[White "Sader, Michael"]
[Black "Mainka, Romuald"]
[Result "0-1"]
[WhiteElo "2200"]
[BlackElo "2420"]
[PlyCount "66"]
[EventDate "1988.12.26"]
[EventType "swiss"]
[EventRounds "7"]
[EventCountry "SUI"]
[SourceTitle "EXT 1997"]
[Source "ChessBase"]
[SourceDate "1996.11.15"]
[SourceVersion "1"]
[SourceVersionDate "1996.11.15"]
[SourceQuality "1"]

1. Nf3 c5 2. c4 Nc6 3. d4 cxd4 4. Nxd4 Nf6 5. Nc3 Qb6 6. Nc2 e6 7. g3 Ne5 8. Ne3 Nfg4 9. Nxg4 Nxg4 10. e3 Ne5 11. Qa4 Be7 12. Be2 0-0 13. 0-0 d6 14. e4 Bd7 15. Qb3 Qc7 16. f4 Nc6 17. Nb5 Qb8 18. Be3 a6 19. Nc3 Rc8 20. Bb6 Bd8 21. Bxd8 Nd4 22. Qd1 Qa7 23. Rf2 Rxd8 24. Bf1 b5 25. Ne2 Nf3+ 26. Kg2 Nxh2 27. Nd4 Nxf1 28. Kxf1 bxc4 29. f5 exf5 30. exf5 Re8 31. Qg4 Re5 32. Qf4 Rae8 33. f6 Re4 0-1

[Event "Caorle op"]
[Site "Caorle"]
[Date "1988.??.??"]
[Round "7"]
[White "Tamai, Roberto"]
[Black "Sader, Michael"]
[Result "1-0"]
[WhiteElo "2155"]
[BlackElo "2170"]
[PlyCount "69"]
[EventDate "1988.??.??"]
[EventType "swiss"]
[EventRounds "8"]
[EventCountry "ITA"]
[SourceTitle "EXT 1999"]
[Source "ChessBase"]
[SourceDate "1998.11.16"]
[SourceVersion "1"]
[SourceVersionDate "1998.11.16"]
[SourceQuality "1"]

1. e4 c5 2. Nf3 e6 3. d4 cxd4 4. Nxd4 a6 5. Nc3 Qc7 6. g3 b5 7. Bg2 Bb7 8. 0-0 d6 9. a3 Nf6 10. g4 h6 11. h4 Nc6 12. Nxc6 Bxc6 13. Bf4 Be7 14. Qe2 e5 15. Bg3 Qd7 16. Bf3 Qb7 17. Rad1 b4 18. axb4 Qxb4 19. g5 hxg5 20. hxg5 Nh7 21. g6 fxg6 22. Nd5 Bxd5 23. Rxd5 Nf6 24. c3 Qb6 25. Rd3 Nh5 26. Bg4 Bg5 27. Rfd1 Rd8 28. b4 Ke7 29. Qa2 Nxg3 30. Qe6+ Kf8 31. Rxg3 Rh6 32. Rgd3 Be7 33. Be2 g5 34. Rf3+ Rf6 35. Rxf6+ 1-0

[Event "Imperia op 29th"]
[Site "Imperia"]
[Date "1987.09.06"]
[Round "1.30"]
[White "Sader, Michael"]
[Black "Schienmann, Bruno"]
[Result "0-1"]
[WhiteElo "2133"]
[BlackElo "2270"]
[PlyCount "152"]
[EventDate "1987.09.06"]
[EventType "swiss"]
[EventRounds "8"]
[EventCountry "ITA"]
[SourceTitle "EXT 2023"]
[Source "ChessBase"]
[SourceDate "2022.10.05"]
[SourceVersion "1"]
[SourceVersionDate "2022.10.05"]
[SourceQuality "1"]

1. d4 e6 2. c4 Nf6 3. Nf3 Bb4+ 4. Bd2 a5 5. g3 b6 6. Bg2 Bb7 7. 0-0 0-0 8. Bg5 Be7 9. Bxf6 Bxf6 10. Nc3 d6 11. Qd3 g6 12. h4 Nd7 13. Ne4 Bg7 14. Rad1 Qe7 15. Nc3 Rad8 16. Ne1 Bxg2 17. Nxg2 c5 18. dxc5 dxc5 19. Qc2 Ne5 20. Na4 Qc7 21. Qb3 Rb8 22. Qb5 Nc6 23. e3 Bf6 24. Nf4 Ne5 25. f3 Rfd8 26. Rxd8+ Qxd8 27. Rf2 Qd1+ 28. Kg2 Qc1 29. Nxc5 Nxc4 30. Nd7 Nxe3+ 31. Kh2 Bd4 32. Nxb8 Ng4+ 33. fxg4 Bxf2 34. Ne2 Qf1 35. Qe8+ Kg7 36. Nd7 Bc5 37. Nxc5 Qxe2+ 38. Kg1 Qe3+ 39. Kg2 Qxc5 40. g5 Qc2+ 41. Kh3 Qxb2 42. Qb8 a4 43. a3 b5 44. Qf4 b4 45. g4 Qxa3+ 46. Kg2 Qb2+ 47. Kh3 Qc3+ 48. Kg2 a3 49. h5 Qc5 50. Kh3 Qf8 51. Qe5+ Kg8 52. h6 b3 53. Qc3 b2 54. Qb3 e5 55. Kg3 Qd6 56. Qb7 Qd3+ 57. Kh4 Qd6 58. Qc8+ Qf8 59. Qb7 a2 60. Qxb2 Qa8 61. Qa1 Kf8 62. Kg3 Qa5 63. Kh4 Ke7 64. Kg3 Ke6 65. Kh4 Qd2 66. Kh3 Qd3+ 67. Kh4 Qb1 68. Qc3 Qh1+ 69. Kg3 a1Q 70. Qc8+ Kd6 71. Qf8+ Kc6 72. Qc8+ Kb5 73. Qb8+ Kc4 74. Qc7+ Kd3 75. Qd6+ Qd4 76. Qa6+ Qc4 0-1